THEORY & PRACTICE OF HISTOLOGICAL TECHNIQUES (Record no. 3382)
[ view plain ]
| 000 -LEADER | |
|---|---|
| fixed length control field | 00387nam a2200145Ia 4500 |
| 008 - FIXED-LENGTH DATA ELEMENTS--GENERAL INFORMATION | |
| fixed length control field | 150201s2005 xx 000 0 und d |
| 082 ## - DEWEY DECIMAL CLASSIFICATION NUMBER | |
| Classification number | 616.07 |
| Item number | T2005B |
| 100 ## - MAIN ENTRY--PERSONAL NAME | |
| Personal name | BANCROFT,JOHN D. |
| 245 ## - TITLE STATEMENT | |
| Title | THEORY & PRACTICE OF HISTOLOGICAL TECHNIQUES |
| 250 ## - EDITION STATEMENT | |
| Edition statement | 5TH |
| 260 ## - PUBLICATION, DISTRIBUTION, ETC. (IMPRINT) | |
| Name of publisher, distributor, etc. | CHURCHILL LIVINGSTONE |
| Place of publication, distribution, etc. | EDINBURGH |
| Date of publication, distribution, etc. | 2005 |
| 300 ## - PHYSICAL DESCRIPTION | |
| Extent | 1-793 |
| 650 ## - SUBJECT ADDED ENTRY--TOPICAL TERM | |
| Topical term or geographic name as entry element | HUMAN HISTOLOGY |
| 942 ## - ADDED ENTRY ELEMENTS (KOHA) | |
| Source of classification or shelving scheme | Dewey Decimal Classification |
| Koha item type | Books |
| Koha issues (borrowed), all copies | 1 |
| Withdrawn status | Lost status | Source of classification or shelving scheme | Damaged status | Not for loan | Home library | Current library | Date acquired | Source of acquisition | Cost, normal purchase price | Serial Enumeration / chronology | SGTU | Bill Number | Total Checkouts | Full call number | Barcode | Date last seen | Date last checked out | Bill Date | Koha item type |
|---|---|---|---|---|---|---|---|---|---|---|---|---|---|---|---|---|---|---|---|
| Dewey Decimal Classification | SGT Dental Library | SGT Dental Library | 03/01/2006 | U.B.S.DELHI | 5500.00 | 1 | SGTU | 825/838 | 1 | 616.07 T2005B | FD3699 | 29/12/2020 | 26/11/2020 | 12/06/2012 | Books | ||||
| Dewey Decimal Classification | SGT Dental Library | SGT Dental Library | 07/02/2006 | U.B.S.DELHI | 4000.00 | 1 | SGTU | 951 | 1 | 616.07 T2005B | FD3878 | 01/11/2021 | 30/10/2021 | 27/07/2012 | Books |